| 000 | 00387pab a2200145 454500 | ||
|---|---|---|---|
| 008 | 180718b1998 xxu||||| |||| 00| 0 eng d | ||
| 100 | _aBasu, Kaushik | ||
| 245 | _aAmartya Sen and the popular imagination: in the wake of the prize | ||
| 260 | _c1998 | ||
| 300 | _ap.3206-208 | ||
| 362 | _a12 Dec | ||
| 650 | _aSen, Amartya | ||
| 773 | _aEconomic and Political Weekly | ||
| 909 | _a39680 | ||
| 999 |
_c39680 _d39680 |
||